Ιστορία της Νεοελληνικής Εκπαίδευσης (1821-1986) : με οκτώ εικόνες εκτός κειμένου
Saved in:
| Main Author: | |
|---|---|
| Format: | Book |
| Language: | Greek |
| Published: |
Αθήνα :
Δημ. Ν. Παπαδήμας,
1990
|
| Edition: | 2η έκδ. διορθ. |
| Subjects: | |
| Tags: |
Add Tag
No Tags, Be the first to tag this record!
|
MARC
| LEADER | 00000cam a2200000 i 4500 | ||
|---|---|---|---|
| 001 | 1/36247 | ||
| 008 | 030603s1990 gr | ||| |||| ||gre|| | ||
| 020 | |a 9602061111 | ||
| 035 | |l 10070028 | ||
| 040 | |a GR-MY-UA |b gre |e aacr | ||
| 041 | 0 | |a gre | |
| 082 | 0 | |a 370.9495 | |
| 100 | 1 | |a Χατζηστεφανίδης, Θεοφάνης Δ. | |
| 245 | 1 | 0 | |a Ιστορία της Νεοελληνικής Εκπαίδευσης (1821-1986) : |b με οκτώ εικόνες εκτός κειμένου / |c Θεοφάνη Δ. Χατζηστεφανίδη |
| 250 | |a 2η έκδ. διορθ. | ||
| 260 | |a Αθήνα : |b Δημ. Ν. Παπαδήμας, |c 1990 | ||
| 300 | |a 416 σ.; |b εικ.; |c 25 cm. | ||
| 500 | |a Περιέχει βιβλιογραφικές παραπομπές και ευρετήριο | ||
| 650 | 0 | 0 | |a Education |z Greece |x History. |
| 852 | |a INST |b RHODES |e 20030603 |h 370.9495 ΧΑΤ |p 005400020346 |q 005400020346 |t BK |y 0 | ||
| 901 | |a BIBL4-2002-2 | ||
| 909 | |a Ρ |b 101913 | ||
| 970 | |a ΚΟΥΛΑΚΙΟΤΗ |b ΛΙΤΣΑ |z 2003/06/03 | ||